Letra de El Farsante - Ozuna - Estadísticas

Estadísticas generales
  • Esta prueba ha sido intentada 88 veces
  • La puntuación promedio es 206 de 237
Estadísticas de respuestas
Hint Respuesta % Correcto
a
100%
en
100%
y
100%
no
98%
No
98%
que
98%
qué
98%
si
98%
Estribillo Si
98%
Me
97%
me
97%
se
97%
97%
amor
95%
la
95%
un
95%
el
94%
farsante
94%
yo
94%
Yo
94%
amas
92%
antes
92%
como
92%
nada
92%
parece
92%
soy
92%
ti
92%
Ya
92%
ya
92%
bebé
91%
bebe
91%
de
91%
lo
91%
91%
Mi
91%
o
91%
quiero
91%
sin
91%
Sin
91%
todavía
91%
todo
91%
interesante
89%
sale
89%
tu
89%
Tu
89%
vuelvo
89%
es
88%
te
88%
enamorar
86%
soltero
86%
los
84%
tampoco
84%
todos
84%
vivir
84%
enamorarme
83%
libertad
83%
morir
83%
una
83%
vida
83%
cama
81%
con
81%
entras
81%
Eres
81%
muchos
81%
queremos
81%
sales
81%
banco
80%
ceros
80%
cuenta
80%
diario
78%
dígitos
78%
Hacer
78%
Le
78%
por
78%
única
78%
cuando
77%
mal
77%
Tener
77%
besos
75%
desde
75%
quedaron
75%
limbo
73%
mismo
73%
ni
73%
planes?
73%
dinero
72%
encuentro
72%
paso
72%
real
72%
aquí
70%
aroma
70%
era
70%
fuiste
70%
gastar
70%
perdona
70%
encima
69%
persona
69%
dejas
67%
Dios
67%
Extraño
67%
Mentí
67%
pensar
67%
relación?
67%
ese
66%
perdonar
66%
pido
66%
pueda
66%
vaya'
66%
nuestra
63%
diciéndote
61%
sabes
61%
quieras
58%
leal
56%
venga
56%
Siento
53%
salvamo'
41%
vamo'
41%
Hey
39%
intentarlo
39%
¿Dónde
33%
¿Por
20%
No se encontraron pruebas coincidentes
Distribución de puntuación
Porcentaje de gente con cada puntuación
Porcentaje por número respondido
Historial de tus puntuaciones
No has intentado esta prueba.